000 01739nam0a2200397 4500
001 RU\NLR\bibl\1056626
005 20250615035557.0
010 _a5-85971-270-7
010 _a978-5-85971-270-0
_93000
021 _aRU
_b2007-3604
_9181
035 _a(nilc)RSL-KNO-003031166
035 _a(NLR Aleph) 001043915
090 _a836041
_c836041
100 _a20070213d2007 |||y0rusy50 ca
101 0 _arus
102 _aRU
105 _aa |||||||||
106 _ar
200 1 _aВведение в эконометрику
_eучебное пособие для студентов высших учебных заведений, обучающихся по направлению "Экономика"
_fЛ.П. Яновский, А.Г. Буховец
_gпод ред. проф. Л.П. Яновского
205 _a2-е изд., доп.
210 _aМосква
_cКнорус
_d2007
215 _a254, [1] с.
_cил., табл.
_d21
320 _aБиблиогр.: с. 252-255
606 1 _aЭконометрика
_jУчебные издания для высших учебных заведений
_91532349
_3RU\NLR\auth\66667382
610 0 _aЭкономика -- Экономико-математические методы и модели -- Учебное пособие для высшей школы
686 _aУ.в611я73-1
_2rubbk
686 _aУ.в611я73
700 1 _aЯновский
_bЛ. П.
_gЛеонид Петрович
_4070
701 1 _aБуховец
_bА. Г.
_gАлексей Георгиевич
_4070
801 0 _aRU
_bРКП
_c20070213
_grcr
801 1 _aRU
_bРГБ
_c20070213
801 2 _aRU
_bNLR
_c20070312
_grcr
942 _cBOOK
980 _aNB